Práce s talenty jako příprava skvělého jídla
Päť ciest k vyváženému talent manažmentu.
Enregistré dans:
| Auteur principal: | |
|---|---|
| Format: | Chapitre de livre |
| Langue: | tchèque |
| Sujets: | |
| Tags: |
Pas de tags, Soyez le premier à ajouter un tag!
|
MARC
| LEADER | 00000naa a2200000 4500 | ||
|---|---|---|---|
| 001 | 0200988 | ||
| 005 | 20231113134957.3 | ||
| 041 | 0 | |a cze | |
| 044 | |a CZ | ||
| 245 | 1 | 0 | |a Práce s talenty jako příprava skvělého jídla |c Josef Šindelka |
| 520 | |a Päť ciest k vyváženému talent manažmentu. | ||
| 610 | 2 | 0 | |a talenty |
| 610 | 2 | 0 | |a manažment |
| 610 | 2 | 0 | |a riadenie ľudských zdrojov |
| 100 | 1 | |a Šindelka, Josef | |